Il Rapporto Pellican

Kaydedildi:
Detaylı Bibliyografya
Yazar: Jhon Grisham
Materyal Türü: Kitap
Dil:Bilinmeyen Dil
Baskı/Yayın Bilgisi: Oscar Mondatori
Etiketler: Etiketle
Etiket eklenmemiş, İlk siz ekleyin!

MARC

LEADER 00000nam a2200000Ia 4500
001 R-571
003 CODICE-MESSINA
005 20260212102453.0
008 260211s9999 xx 000 0 und d
040 |c importazione_messina 
100 |a Jhon Grisham 
245 0 |a Il Rapporto Pellican 
260 |b Oscar Mondatori 
942 |2 ddc  |c BK 
952 |0 0  |1 0  |2 ddc  |4 0  |6 SCAFFALE_5_000000000000000__ROMANZI  |7 0  |9 31392  |a ME  |b ME  |d 2026-02-11  |l 0  |o SCAFFALE 5 - ROMANZI  |p R-571  |r 2026-02-11 23:52:31  |w 2026-02-11  |x [REVISIONARE]  |y BK 
999 |c 27057  |d 27057